000
00298nam a2200133Ia 4500
005
20251222141851.0
008
251222s9999||||xx |||||||||||||| ||spa||
020
_a
88-7573-388-0
082
_a
455.04/S42
100
_a
Serragiotto, Graziano
245
0
_a
Cedils:
264
_b
Bonacci
942
_c
LIB
999
_c
7733
_d
7733